ბათუმის შოთა რუსთაველის სახელმწიფო უნივერსიტეტის ბიბლიოთეკა

Теория вероятностей (ბიბ.ჩანაწერი № 48151)

000 -LEADER
fixed length control field 00536nam a2200205Ia 4500
001 - CONTROL NUMBER
control field 15033
003 - CONTROL NUMBER IDENTIFIER
control field GE_BSU
008 - FIXED-LENGTH DATA ELEMENTS--GENERAL INFORMATION
fixed length control field 181216s||||||||xx |||||||||||||| ||und||
040 ## - CATALOGING SOURCE
Transcribing agency GE_BSU
080 ## - UNIVERSAL DECIMAL CLASSIFICATION NUMBER
Universal Decimal Classification number 519.21(075.8)
100 ## - MAIN ENTRY--PERSONAL NAME
Personal name Вентцель, Е. С.
245 ## - TITLE STATEMENT
Title Теория вероятностей
245 ## - TITLE STATEMENT
Statement of responsibility, etc. Ред.А.П.Разумевская
260 ## - PUBLICATION, DISTRIBUTION, ETC.
Place of publication, distribution, etc. Москва
260 ## - PUBLICATION, DISTRIBUTION, ETC.
Name of publisher, distributor, etc. Госиздат
260 ## - PUBLICATION, DISTRIBUTION, ETC.
Date of publication, distribution, etc. 1958
300 ## - PHYSICAL DESCRIPTION
Extent 646стр.22см.
653 ## - INDEX TERM--UNCONTROLLED
Uncontrolled term Теория вероятностей
942 ## - ADDED ENTRY ELEMENTS (KOHA)
Koha item type წიგნი
ეგზემპლარები
Withdrawn status Lost status Damaged status Not for loan Date acquired Barcode Date last seen Price effective from Koha item type
        2018-12-17 17540 2018-12-17 2018-12-17 წიგნი